[Event "Titled Tuesday intern op 16th Apr Early"]
[Site "Chess.com INT"]
[Date "2024.04.16"]
[Round "9"]
[White "Ljukin, Sergei"]
[Black "Quirke, Jeffrey"]
[Result "1-0"]
[WhiteElo "2362"]
[BlackElo "1992"]
[PlyCount "79"]
[EventDate "2024.04.16"]
[EventType "swiss (blitz)"]
[EventRounds "11"]
[EventCountry "USA"]
[SourceTitle "CB17_2024"]
[SourceDate "2024.04.24"]
[SourceVersion "1"]
[SourceVersionDate "2024.04.24"]
[SourceQuality "1"]

1. e4 c5 2. Nf3 Nc6 3. d4 cxd4 4. Nxd4 e5 5. Nb5 d6 6. c4 Be6 7. N1c3 a6 8. Na3 g6 9. Bd3 Bg7 10. 0-0 Nf6 11. Nd5 Nd7 12. Be3 0-0 13. Nc2 f5 14. f3 f4 15. Bf2 g5 16. b4 h5 17. Be2 Rc8 18. Rc1 Qe8 19. h3 Rf7 20. Qd2 Bh6 21. b5 Nd8 22. bxa6 bxa6 23. Ncb4 Nc5 24. Bxc5 dxc5 25. Nd3 Bg7 26. Qa5 Nc6 27. Qxa6 Nd4 28. Bd1 Bxd5 29. cxd5 g4 30. fxg4 hxg4 31. Bxg4 Ra8 32. Qg6 Rxa2 33. Rxc5 f3 34. Rc8 Rxg2+ 35. Kh1 Qxc8 36. Qxf7+ Kxf7 37. Bxc8 Rd2 38. Ba6 Kg6 39. d6 Bf6 40. d7 1-0

[Event "Titled Tuesday intern op 16th Apr Early"]
[Site "Chess.com INT"]
[Date "2024.04.16"]
[Round "1"]
[White "Quirke, Jeffrey"]
[Black "King, Alexander B"]
[Result "1/2-1/2"]
[WhiteElo "1992"]
[BlackElo "2263"]
[PlyCount "153"]
[EventDate "2024.04.16"]
[EventType "swiss (blitz)"]
[EventRounds "11"]
[EventCountry "USA"]
[SourceTitle "CB17_2024"]
[SourceDate "2024.04.24"]
[SourceVersion "1"]
[SourceVersionDate "2024.04.24"]
[SourceQuality "1"]

1. e4 e6 2. d4 d5 3. exd5 exd5 4. Bf4 Nf6 5. Nc3 Bb4 6. a3 Bxc3+ 7. bxc3 0-0 8. Bd3 Re8+ 9. Ne2 c5 10. c4 dxc4 11. Bxc4 cxd4 12. 0-0 Nc6 13. c3 dxc3 14. Nxc3 Qxd1 15. Rfxd1 Be6 16. Bxe6 Rxe6 17. Rab1 Rae8 18. h3 b6 19. Nb5 Re4 20. Bg3 Ra4 21. Rd6 Na5 22. Nxa7 Nc4 23. Rd4 Rxa7 24. Rxc4 Rxa3 25. Rxb6 h6 26. Rb7 Ra6 27. Rcc7 Nh5 28. Rxf7 Rg6 29. Rfe7 Rxe7 30. Rxe7 Nxg3 31. fxg3 Rxg3 32. Kh2 Ra3 33. Rb7 Kf8 34. Rc7 Kg8 35. Rb7 Re3 36. Rc7 Kh7 37. Rb7 Kg6 38. Rc7 Kf6 39. Rc5 Re6 40. Rb5 Kg6 41. Rc5 Ra6 42. Rb5 Kf6 43. Rc5 g6 44. Rb5 Re6 45. h4 Re5 46. Rb6+ Kf5 47. g3 Re2+ 48. Kh3 Re5 49. Ra6 h5 50. Ra4 g5 51. hxg5 Kxg5 52. Rb4 Rf5 53. Ra4 Rc5 54. Rb4 Rc1 55. Ra4 Rh1+ 56. Kg2 Rb1 57. Kh3 Rb5 58. Rc4 Kg6 59. Rd4 Rc5 60. Rb4 Rd5 61. Rc4 Rd3 62. Rb4 Rf3 63. Rc4 Re3 64. Rb4 Rf3 65. Rc4 Rf5 66. Rb4 Kg5 67. Rc4 Re5 68. Rb4 Re3 69. Rc4 Re1 70. Rb4 Re2 71. Rc4 Re6 72. Rb4 Re5 73. Rc4 Ra5 74. Rb4 Rc5 75. Rd4 Rb5 76. Rc4 Re5 77. Rb4 1/2-1/2

[Event "Titled Tuesday intern op 16th Apr Early"]
[Site "Chess.com INT"]
[Date "2024.04.16"]
[Round "10"]
[White "Quirke, Jeffrey"]
[Black "Melillo, Lucius"]
[Result "0-1"]
[WhiteElo "1992"]
[BlackElo "2274"]
[PlyCount "146"]
[EventDate "2024.04.16"]
[EventType "swiss (blitz)"]
[EventRounds "11"]
[EventCountry "USA"]
[SourceTitle "CB17_2024"]
[SourceDate "2024.04.24"]
[SourceVersion "1"]
[SourceVersionDate "2024.04.24"]
[SourceQuality "1"]

1. e4 Nf6 2. e5 Nd5 3. d4 d6 4. Nf3 g6 5. c4 Nb6 6. Nc3 Bg7 7. h3 Nc6 8. exd6 cxd6 9. Be3 0-0 10. Rc1 d5 11. c5 Nc4 12. Bxc4 dxc4 13. Qa4 Nxd4 14. Nxd4 Bxd4 15. Qxc4 Bxe3 16. fxe3 Be6 17. Qd4 Qc7 18. 0-0 Rad8 19. Qh4 Qxc5 20. Qh6 Rd3 21. Ne4 Qxe3+ 22. Qxe3 Rxe3 23. Nc5 b6 24. Nxe6 Rxe6 25. Rc7 a5 26. Rd1 f6 27. Rdd7 Kf7 28. Kf2 Re8 29. b3 h5 30. h4 Kf8 31. g3 Rd6 32. Rxd6 exd6 33. Rc6 Rb8 34. Rxd6 Ke7 35. Rc6 Rd8 36. Rxb6 Rd2+ 37. Kf3 Rxa2 38. Rb7+ Kf8 39. Rb6 Kg7 40. Rb7+ Kh6 41. Rb6 f5 42. Rb5 Ra3 43. Kf4 Ra1 44. Kf3 Ra2 45. Kf4 Ra3 46. Rb8 a4 47. bxa4 Rxa4+ 48. Kf3 Ra6 49. Rb7 Re6 50. Ra7 Rb6 51. Rc7 Rb4 52. Ra7 Rg4 53. Ra6 f4 54. gxf4 Rxh4 55. Kg3 Rg4+ 56. Kf3 Rg1 57. Kf2 Rg4 58. Kf3 Kg7 59. Rb6 Kf7 60. Ra6 Rg1 61. Kf2 Rb1 62. Kg3 Rb4 63. Rc6 Rd4 64. Ra6 Rc4 65. Rb6 Ra4 66. Rc6 Kg7 67. Rb6 Ra3+ 68. Kh4 Rf3 69. Rb4 Kf6 70. Ra4 Kf5 71. Rb4 Rxf4+ 72. Rxf4+ Kxf4 73. Kh3 g5 0-1

[Event "Titled Tuesday intern op 16th Apr Late"]
[Site "Chess.com INT"]
[Date "2024.04.16"]
[Round "2"]
[White "Quirke, Jeffrey"]
[Black "Viana da Costa, Fernando"]
[Result "0-1"]
[WhiteElo "1992"]
[BlackElo "2228"]
[PlyCount "116"]
[EventDate "2024.04.16"]
[EventType "swiss (blitz)"]
[EventRounds "11"]
[EventCountry "USA"]
[SourceTitle "CB17_2024"]
[SourceDate "2024.04.24"]
[SourceVersion "1"]
[SourceVersionDate "2024.04.24"]
[SourceQuality "1"]

1. e4 c5 2. c3 Nf6 3. e5 Nd5 4. Nf3 d6 5. d4 cxd4 6. cxd4 e6 7. Bc4 Nb6 8. Bd3 Nc6 9. 0-0 Be7 10. Qe2 Nb4 11. Be4 d5 12. Bc2 Nxc2 13. Qxc2 0-0 14. Nc3 Bd7 15. Re1 Rc8 16. a3 Na4 17. Bd2 Qb6 18. Nxa4 Rxc2 19. Nxb6 axb6 20. Bc3 Rc8 21. Re3 Bb5 22. Ne1 Re2 23. Rxe2 Bxe2 24. f3 Bc4 25. Kf2 b5 26. Ke3 Ra8 27. Rc1 g5 28. Nd3 h5 29. g3 Kh7 30. Bb4 Bd8 31. Nc5 b6 32. Nd7 Ra7 33. Nf6+ Kg6 34. Ne8 Rd7 35. f4 h4 36. Rc2 Kf5 37. Rf2 hxg3 38. hxg3 gxf4+ 39. Rxf4+ Kg6 40. Nf6 Ra7 41. Rg4+ Kf5 42. Rf4+ Kg6 43. Rg4+ Kh6 44. Rg8 Bxf6 45. exf6 Kh7 46. Rg7+ Kh8 47. Kf4 Ba2 48. Ke5 Bb1 49. g4 Bg6 50. Rxg6 fxg6 51. Kxe6 Kg8 52. f7+ Rxf7 53. Kxd5 Rf4 54. g5 Rf5+ 55. Kc6 Rxg5 56. Kxb6 Rd5 57. b3 Rxd4 58. Kxb5 g5 0-1

[Event "Titled Tuesday intern op 16th Apr Late"]
[Site "Chess.com INT"]
[Date "2024.04.16"]
[Round "9"]
[White "Rosenberg, Evan"]
[Black "Quirke, Jeffrey"]
[Result "1-0"]
[WhiteElo "1989"]
[BlackElo "1992"]
[PlyCount "39"]
[EventDate "2024.04.16"]
[EventType "swiss (blitz)"]
[EventRounds "11"]
[EventCountry "USA"]
[SourceTitle "CB17_2024"]
[SourceDate "2024.04.24"]
[SourceVersion "1"]
[SourceVersionDate "2024.04.24"]
[SourceQuality "1"]

1. Nf3 Nf6 2. c4 g6 3. Nc3 Bg7 4. e4 d6 5. d4 0-0 6. h3 e5 7. dxe5 dxe5 8. Qxd8 Rxd8 9. Bg5 Re8 10. Nd5 Nxd5 11. cxd5 c6 12. Bc4 b5 13. Bb3 Bb7 14. Rc1 cxd5 15. Rc7 dxe4 16. Bxf7+ Kf8 17. Bxe8 exf3 18. Rxb7 fxg2 19. Rg1 Kxe8 20. Rxg7 1-0

[Event "Titled Tuesday intern op 02nd Apr Late"]
[Site "Chess.com INT"]
[Date "2024.04.02"]
[Round "7"]
[White "Quirke, Jeffrey"]
[Black "Cabralis, Quinn"]
[Result "1-0"]
[WhiteElo "1992"]
[BlackElo "2169"]
[PlyCount "57"]
[EventDate "2024.04.02"]
[EventType "swiss (blitz)"]
[EventRounds "11"]
[EventCountry "USA"]
[SourceTitle "CB15_2024"]
[SourceDate "2024.04.10"]
[SourceVersion "1"]
[SourceVersionDate "2024.04.10"]
[SourceQuality "1"]

1. e4 c5 2. c3 Nf6 3. e5 Nd5 4. Nf3 e6 5. d4 cxd4 6. cxd4 d6 7. Bc4 Nc6 8. 0-0 Be7 9. Qe2 0-0 10. Rd1 Bd7 11. Nc3 Nxc3 12. bxc3 dxe5 13. dxe5 Qc7 14. Qe4 Rfd8 15. Bd3 g6 16. h4 Be8 17. h5 Rd5 18. Bf4 Rad8 19. c4 R5d7 20. hxg6 hxg6 21. g3 Nb4 22. Be2 Rxd1+ 23. Rxd1 Rxd1+ 24. Bxd1 Nxa2 25. Bg5 Nc3 26. Qh4 Bf8 27. Bf6 Bg7 28. Ng5 Kf8 29. Qh7 1-0

[Event "Titled Tuesday intern op 02nd Apr Early"]
[Site "Chess.com INT"]
[Date "2024.04.02"]
[Round "9"]
[White "Quirke, Jeffrey"]
[Black "Mende, Andreas"]
[Result "0-1"]
[WhiteElo "1992"]
[BlackElo "2101"]
[PlyCount "72"]
[EventDate "2024.04.02"]
[EventType "swiss (blitz)"]
[EventRounds "11"]
[EventCountry "USA"]
[SourceTitle "CB15_2024"]
[SourceDate "2024.04.10"]
[SourceVersion "1"]
[SourceVersionDate "2024.04.10"]
[SourceQuality "1"]

1. e4 c5 2. c3 Nf6 3. e5 Nd5 4. Nf3 Nc6 5. Bc4 Nb6 6. Bb3 c4 7. Bc2 d6 8. exd6 Qxd6 9. 0-0 Bg4 10. Re1 0-0-0 11. Qe2 e5 12. Na3 f6 13. Nxc4 Nxc4 14. Qxc4 Bxf3 15. gxf3 Kb8 16. b4 g6 17. a4 Ne7 18. b5 Qd7 19. d4 exd4 20. Bf4+ Ka8 21. cxd4 Nd5 22. Bg3 Bb4 23. Red1 f5 24. Be5 Rhe8 25. Bb3 Qe7 26. a5 f4 27. a6 Rc8 28. axb7+ Kxb7 29. Qd3 Qg5+ 30. Kh1 Nc3 31. Qe4+ Nxe4 32. Bd5+ Kb6 33. Bxe4 Rxe5 34. dxe5 Qxe5 35. Rdb1 Kxb5 36. Ra2 a5 0-1

[Event "Titled Tuesday intern op 12th Mar Late"]
[Site "Chess.com INT"]
[Date "2024.03.12"]
[Round "3"]
[White "Hoffmann, Asa"]
[Black "Quirke, Jeffrey"]
[Result "1-0"]
[WhiteElo "2185"]
[BlackElo "1992"]
[PlyCount "91"]
[EventDate "2024.03.12"]
[EventType "swiss (blitz)"]
[EventRounds "11"]
[EventCountry "USA"]
[SourceTitle "CB12_2024"]
[SourceDate "2023.10.01"]
[SourceVersion "1"]
[SourceVersionDate "2023.10.01"]
[SourceQuality "1"]

1. d4 e6 2. e4 d5 3. e5 c5 4. Nf3 Nc6 5. Bd3 cxd4 6. 0-0 Nge7 7. Bf4 Ng6 8. Bg3 Be7 9. a3 a5 10. Nbd2 a4 11. Qe2 0-0 12. Rfe1 Bd7 13. h3 Qb6 14. Rab1 Qa5 15. h4 Rfc8 16. h5 Nf8 17. h6 g6 18. Bh4 Qd8 19. Bg3 Na7 20. Nxd4 Bc6 21. c3 Nd7 22. N2f3 Qf8 23. Qe3 b5 24. Bf4 Rc7 25. Bg5 Rac8 26. Qf4 Rb7 27. Qg4 Nc5 28. Bc2 Bd7 29. Re3 Ne4 30. Bxe4 dxe4 31. Rxe4 Nc6 32. Rd1 Na5 33. Rf4 Nc4 34. Bxe7 Qxe7 35. Ng5 Nxe5 36. Qg3 Be8 37. Ne4 f5 38. Ng5 Bf7 39. Re1 Nd3 40. Nxf5 Qf6 41. Ne7+ Qxe7 42. Rxf7 Qxf7 43. Nxf7 Nxe1 44. Nd6 Rd7 45. Nxc8 Rd1 46. Kh2 1-0

[Event "Titled Tuesday intern op 06th Feb Early"]
[Site "Chess.com INT"]
[Date "2024.02.06"]
[Round "9"]
[White "Matveeva, Olga"]
[Black "Quirke, Jeffrey"]
[Result "1-0"]
[WhiteElo "2156"]
[BlackElo "1986"]
[PlyCount "55"]
[EventDate "2024.02.06"]
[EventType "swiss (blitz)"]
[EventRounds "11"]
[EventCountry "USA"]
[SourceTitle "CB07_2024"]
[SourceDate "2024.02.14"]
[SourceVersion "1"]
[SourceVersionDate "2024.02.14"]
[SourceQuality "1"]

1. d4 Nf6 2. c4 g6 3. g3 Bg7 4. Nc3 0-0 5. Bg2 d6 6. Nf3 Nc6 7. 0-0 e5 8. d5 Nb8 9. e4 Nbd7 10. Ne1 a5 11. Nd3 b6 12. f4 exf4 13. gxf4 Re8 14. Re1 Nh5 15. Qf3 Nc5 16. Bd2 Qh4 17. Nxc5 bxc5 18. Nb5 Re7 19. e5 Bg4 20. Qf2 Qxf2+ 21. Kxf2 Rb8 22. Bxa5 dxe5 23. fxe5 Rxe5 24. Bxc7 Rf5+ 25. Kg1 Rxb5 26. cxb5 Bd4+ 27. Kh1 Ng3+ 28. Bxg3 1-0

[Event "Titled Tuesday intern op 06th Feb Late"]
[Site "Chess.com INT"]
[Date "2024.02.06"]
[Round "3"]
[White "Quirke, Jeffrey"]
[Black "Novak, Ratko"]
[Result "1-0"]
[WhiteElo "1986"]
[BlackElo "2037"]
[PlyCount "79"]
[EventDate "2024.02.06"]
[EventType "swiss (blitz)"]
[EventRounds "11"]
[EventCountry "USA"]
[SourceTitle "CB07_2024"]
[SourceDate "2024.02.14"]
[SourceVersion "1"]
[SourceVersionDate "2024.02.14"]
[SourceQuality "1"]

1. e4 d5 2. exd5 c6 3. d4 cxd5 4. c3 Nc6 5. Nf3 f6 6. Bb5 Bg4 7. h3 Bh5 8. Qa4 Qd7 9. Nbd2 e6 10. 0-0 Bd6 11. Re1 Nge7 12. Bf1 0-0 13. g4 Bf7 14. Bg2 a6 15. Nf1 g5 16. Qd1 Rae8 17. Ng3 Bxg3 18. fxg3 Qd6 19. Kh2 h5 20. gxh5 Bxh5 21. Qd3 Bg6 22. Qe2 Nf5 23. Qf2 Rf7 24. b4 Rh7 25. a4 g4 26. Ng1 gxh3 27. Nxh3 Ree7 28. b5 Nb8 29. Bf4 e5 30. dxe5 fxe5 31. Bg5 Reg7 32. Rad1 Bh5 33. Rxd5 Qf8 34. Rd8 Be8 35. Bd5+ Kh8 36. Qxf5 Rxh3+ 37. Qxh3+ Rh7 38. Rxe5 Rxh3+ 39. Kxh3 Qf7 40. Bxf7 1-0

[Event "Titled Tuesday intern op 06th Feb Early"]
[Site "Chess.com INT"]
[Date "2024.02.06"]
[Round "2"]
[White "Quirke, Jeffrey"]
[Black "Shishkov, Andrei"]
[Result "0-1"]
[WhiteElo "1986"]
[BlackElo "2340"]
[PlyCount "62"]
[EventDate "2024.02.06"]
[EventType "swiss (blitz)"]
[EventRounds "11"]
[EventCountry "USA"]
[SourceTitle "CB07_2024"]
[SourceDate "2024.02.14"]
[SourceVersion "1"]
[SourceVersionDate "2024.02.14"]
[SourceQuality "1"]

1. e4 d5 2. exd5 Nf6 3. Bb5+ Bd7 4. Bc4 Bg4 5. f3 Bc8 6. Nc3 Nbd7 7. Nge2 Nb6 8. Bb5+ Bd7 9. Bxd7+ Qxd7 10. d3 Nbxd5 11. Nxd5 Nxd5 12. Nc3 g6 13. Bd2 Bg7 14. Qe2 0-0 15. 0-0 Rfe8 16. Kh1 Rad8 17. Rae1 c5 18. f4 e6 19. a3 b6 20. Qf3 Ne7 21. g4 Nc6 22. Qg2 Nd4 23. Bc1 f5 24. h4 fxg4 25. Qxg4 Nxc2 26. Re2 Nd4 27. Rg2 Nf5 28. h5 Qxd3 29. hxg6 Qxf1+ 30. Kh2 hxg6 31. Qxg6 Re7 0-1

[Event "Titled Tuesday intern op 16th Jan Late"]
[Site "Chess.com INT"]
[Date "2024.01.16"]
[Round "6"]
[White "Khakhinov, Ilya"]
[Black "Quirke, Jeffrey"]
[Result "1-0"]
[WhiteElo "2236"]
[BlackElo "1986"]
[PlyCount "53"]
[EventDate "2024.01.16"]
[EventType "swiss (blitz)"]
[EventRounds "11"]
[EventCountry "USA"]
[SourceTitle "CB04_2024"]
[SourceDate "2023.10.16"]
[SourceVersion "1"]
[SourceVersionDate "2023.10.16"]
[SourceQuality "1"]

1. e4 e6 2. Nf3 d5 3. exd5 exd5 4. d4 Nf6 5. Bd3 Bd6 6. 0-0 0-0 7. Bg5 h6 8. Bh4 c6 9. c4 Be6 10. c5 Be7 11. Nc3 Nbd7 12. Re1 Re8 13. b4 b6 14. a4 bxc5 15. bxc5 Qa5 16. Qd2 Kf8 17. Reb1 Rab8 18. Bg3 Rxb1+ 19. Rxb1 Nh5 20. Be5 Nxe5 21. Nxe5 Qc7 22. Be2 Nf6 23. h3 Bxc5 24. Rc1 Bxd4 25. Qxd4 c5 26. Qf4 Bxh3 27. Ng6+ 1-0